| 000 | 00618nam a22001817a 4500 | ||
|---|---|---|---|
| 008 | 211027b ||||| |||| 00| 0 eng d | ||
| 020 | _a019510658x | ||
| 050 | _aBF319.5.145 R43 1993 | ||
| 100 |
_aReber, Authur S. _950751 |
||
| 245 |
_aImplicit learning and knowledge _ban essay on the cognitive unconscious _c/by Arthur Reber B. |
||
| 260 |
_aNew York: _bOxford University Press _cc1193 |
||
| 300 |
_axii,188p.; _c23cm. |
||
| 440 |
_aOxford Psychology _nno. 19 _950752 |
||
| 650 |
_aImplicit learning _950753 |
||
| 650 |
_aUnconscious( Psychology) _950754 |
||
| 650 |
_aCognition _92049 |
||
| 942 |
_2lcc _cMONOGRAPH |
||
| 999 |
_c131011 _d131011 |
||